Quaestiones disputatae
Uloženo v:
| Hlavní autor: | |
|---|---|
| Médium: | Kniha |
| Jazyk: | latina |
| Vydáno: |
Roma
Marietti
1949
|
| Témata: | |
| Tagy: |
Přidat tag
Žádné tagy, Buďte první, kdo vytvoří štítek k tomuto záznamu!
|
MARC
| LEADER | 00000nam a2200000 a 4500 | ||
|---|---|---|---|
| 001 | UCZ1970 | ||
| 003 | CL-VaPUC | ||
| 008 | 950915e19490000IT |||||||||||||||||lat|d | ||
| 082 | 0 | 4 | |a 189.4 |b TOM |2 21 |
| 100 | |a Tomás de Aquino |d 1220-1274 |c Santo |e author |9 255832 | ||
| 245 | 1 | 0 | |a Quaestiones disputatae |
| 300 | |a 2 v | ||
| 942 | |c BK | ||
| 945 | |d 19950915 00:00:00 |a cmena | ||
| 260 | |a Roma |b Marietti |c 1949 | ||
| 500 | |a v.1: De veritate | ||
| 500 | |a v.2: De potentia | ||
| 500 | |a De anima - De spiritualibus creaturis de Unione Verbi Incarnati - De malo - De virtutibus in communi de caritate - De correctione fraterna - De spe - De virtutibus cardinalibus | ||
| 650 | 0 | |a Filosofía medieval |9 256245 | |
| 650 | 0 | |a Tomismo |9 259214 | |
| 650 | 0 | |a Escuelas filosóficas |9 266232 | |
| 650 | 0 | |a Ciencia |9 255691 | |
| 650 | 0 | |a Teología |9 258766 | |
| 650 | 0 | |a Conceptos morales |9 310606 | |
| 650 | 0 | |a Escolasticismo |9 264998 | |
| 583 | |a last modification |c 19950915 00:00:00 |k Rodrigo Vera | ||
| 999 | |c 238637 |d 238635 | ||
| 952 | |0 0 |1 0 |4 0 |6 189_400000000000000_TOM_1949 |7 0 |8 P |9 248968 |a BIBEDU |b BIBEDU |c BIBEDU_PB |d 2019-11-18 |h v.1 |i 1562592 |o 189.4 TOM 1949 |p 1562592 |r 2024-01-25 |w 2019-11-18 |y BK |k FIL | ||
| 952 | |0 0 |1 0 |4 0 |6 189_400000000000000_TOM_1949 |7 0 |8 P |9 248969 |a BIBEDU |b BIBEDU |c BIBEDU_PB |d 2019-11-18 |h v.2 |i 1562606 |o 189.4 TOM 1949 |p 1562606 |r 2024-01-25 |w 2019-11-18 |y BK |k FIL | ||